Deutschland nach Buchstabe - S - Statistiken

Allgemein
  • Dieses Quiz wurde 84 mal gespielt
  • Das Durchschnittsergebnis liegt bei 16 aus 20
Antwortstatistiken
Hinweis Antwort % Korrekt
Bundesland in Ostdeutschland um Dresden, Chemnitz und Leipzig Sachsen
100%
Schwaben-Metropole am Neckar, bei dem sich der Sitz von Porsche und Mercedes befindet Stuttgart
100%
Fluss durch Berlin und "Gewürzgurken-Wald" Spree
99%
Gebirgsregion in Südwest-Deutschland, bekannt für Kirschtorte und Kuckucksuhren Schwarzwald
97%
SPD-Politiker, Bundeskanzler von 1998-2005, Freund von Putin Gerhard Schröder
92%
Kettenrauchender Bundeskanzler von 1974 bis 1982 von der SPD Helmut Schmidt
92%
Nebenfluss der Mosel, nach dem ein Bundesland benannt ist Saar
92%
Spätzle und Maultaschen kommen aus dieser Region in Süddeutschland Schwaben
92%
Privater Fernsehsender, der mit Pro7 verbandelt ist Sat.1
91%
Nördlichster Teil Deutschlands um Flensburg Schleswig
91%
Nebenfluss der Elbe durch Hof, Jena und Halle Saale
84%
ÖRR-Sender, zuständig für Baden-Württemberg und Rheinland-Pfalz SWR
82%
Stadt in Mecklenburg an großem See mit malerischem Schloss Schwerin
81%
Klingenstadt im Bergischen Land zwischen Wuppertal und Düsseldorf Solingen
78%
Drachentöter und Held des deutschen Nationalepos, dem Nibelungenlied Siegfried
69%
Gebirgsregion in Südwestfalen um Iserlohn, Arnsberg und Olpe Sauerland
62%
Größte Stadt in Südwestfalen, Geburtsstadt von Peter Paul Rubens Siegen
61%
Großstadt im Osten von Niedersachsen, die durch Eisenerzvorkommen groß wurde Salzgitter
55%
Gebirgsregion zwischen Main und Kinzig in Franken und Hessen Spessart
43%
Rechtrheinische Gebirgsregion bei Bonn Siebengebirge
42%
Keine übereinstimmenden Quizze gefunden
Verteilung der Resultate
Anzahl Personen mit jedem Resultat
Perzentil nach korrekt beantworteten Fragen
Ihre Resultats-Entwicklung
Sie haben dieses Quiz noch nicht gespielt